000 01338cab a2200349 4500
001 ABS52444
008 090401t1995 xxu||||| |||| 00| 0 eng d
035 _a(Sirsi) u78559
041 _aeng
100 _aAkenhead, R.
245 _aDangers of contamination
260 _c1995
350 _a0
490 _aBuilding
_v260(7883) 10 March 1995, 37(1)
520 _aExamines "Barclays Bank v Fairclough Building Ltd and others" CA (1994), in which it was held that subcontractors were negligent in contaminating surrounding land when cleaning an asbestos roof. However, the contractors were also found to be contributorily negligent in not ensuring that their subcontractors would take necessary precautions to avert contamination.
650 _aASBESTOS ROOFS
650 _aMANAGEMENT-HEALTH AND SAFETY-HAZARDOUS SUBSTANCES-ASBESTOS
650 _aBARCLAYS BANK V FAIRCLOUGH BUILDING LTD AND OTHERS
650 _aCARNE (STRUCTURAL REPAIR) COMPANY
650 _aCLEANING
650 _aCONTRACTORS
650 _aCONTRIBUTORY NEGLIGENCE
650 _aHENDERSON V MERRITT SYNDICATES LTD
650 _aNEGLIGENCE
650 _aPOLLUTION
650 _aSMITH V ERIC S BUSH
650 _aSUBCONTRACTORS
650 _aTRENDLEWAY
690 _aBUILDING AND CONSTRUCTION-CASE LAW
942 _n0
948 _c04/03/1997
999 _c49412
_d49412